Vista normal Vista MARC
  • Pirandello, Luigi,

Entrada Nom personal

Número de registros utilizados en: 1

001 - NÚMERO DE CONTROL

  • campo de control: 166745

003 - IDENTIFICADOR DEL NÚMERO DE CONTROL

  • campo de control: ES-BaIT

005 - FECHA Y HORA DE LA ÚLTIMA TRANSACCIÓN

  • campo de control: 20250721093222.0

008 - DATOS DE LONGITUD FIJA

  • campo de control de longitud fija: 250721|| aca||aabn | a|a d

040 ## - FUENTE DE LA CATALOGACIÓN

  • Centro catalogador/agencia de origen: ES-BaIT

100 1# - ENCABEZAMIENTO-NOMBRE DE PERSONA

  • Nombre de persona: Pirandello, Luigi,
  • Fechas asociadas al nombre: 1867-1936
  • Subdivisión de forma: Quaderns d'apunts, d'esbossos, etc.

Con tecnología Koha